| 000 | 00617nam a22002055i 4500 | ||
|---|---|---|---|
| 001 | 14489 | ||
| 003 | ES-MaACL | ||
| 005 | 20230906150826.0 | ||
| 007 | t| | ||
| 008 | 980323s1998 sp ||||0| spa j | ||
| 020 | _a84-260-3398-9 | ||
| 040 |
_aM-BN _bspa _cM-BN |
||
| 080 | _a330.534(460) | ||
| 245 | 0 | 0 |
_aContabilidad nacional de España _b: base 1986 : serie contable 1992-1997. |
| 260 |
_aMadrid : _bINE, _c1998. |
||
| 300 |
_a462 p. ; _c30 cm. |
||
| 650 | 4 |
_aContabilidad nacional- _zEspaña. _911312 |
|
| 710 | 2 |
_aInstituto Nacional de Estadística (España) _95162 |
|
| 852 |
_aES-MaACL _jL-21790 _bR.127204 |
||
| 999 |
_c14489 _d14489 |
||